Derecho informático : doctrina, jornadas académicas, jurisprudencia, derecho positivo, opiniones consultivas, informaciones, documentos : tomo II, correspondiente al año 2001 /

Anuario uruguayo que, como ya el subtítulo anuncia, compila textos en torno al derecho informático, comenzando por las propuestas teóricas que surgen tanto en Uruguay como a nivel internacional y concluyendo con análisis comparados del campo. En medio la jurisprudencia que va construyéndose en la ma...

Descripción completa

Guardado en:
Detalles Bibliográficos
Autor corporativo: Universidad de la República. Facultad de Derecho, Instituto de Derecho Informático
Formato: Libro
Idioma:Español
Publicado: Montevideo, Uruguay : Fundación de Cultura Universitaria, 2002, c2002
Temas:
Etiquetas: Agrega una etiqueta
Sin etiquetas, Sé el primero en etiquetar este registro!

MARC

LEADER 00000nam^a2200000^a^4500
001 000272558
005 20250521000000.0
008 080227 20022002
009 20260310111103.877
020 |a 9974-2-0434-8 
037 |a Acervo ITESO - Biblioteca 
041 |a ESP 
082 |a 343. 0999  |b DER 2001 
240 1 1 |a [Derecho informático FCU] 
245 0 0 |a Derecho informático :  |b doctrina, jornadas académicas, jurisprudencia, derecho positivo, opiniones consultivas, informaciones, documentos : tomo II, correspondiente al año 2001 /  |c Universidad de la República, Facultad de Derecho, Instituto de Derecho Informático. 
264 4 |a Montevideo, Uruguay :  |b Fundación de Cultura Universitaria,  |c 2002, c2002 
300 |a 542 p. 
336 |a texto  |b txt  |2 rdacontenido 
337 |a sin mediación  |b n  |2 rdamedio 
338 |a volumen  |b nc  |2 rdasoporte 
520 |a Anuario uruguayo que, como ya el subtítulo anuncia, compila textos en torno al derecho informático, comenzando por las propuestas teóricas que surgen tanto en Uruguay como a nivel internacional y concluyendo con análisis comparados del campo. En medio la jurisprudencia que va construyéndose en la materia, las propuestas discutidas en las jornadas que sobre el tema se organizan periódicamente en Uruguay y el panorama de la evolución normativa del asunto, entre otros. 
649 |a XX 
650 |a Protección del Consumidor 
650 |a Negocios en Internet -  |x Aspectos Jurídicos 
650 |a Dominio (Internet) -  |x Aspectos Jurídicos 
650 |a Firma Digital -  |x Aspectos Jurídicos 
650 |a Pagos Electrónicos -  |x Aspectos Jurídicos 
650 |a Protección de Datos -  |x Aspectos Jurídicos 
650 |a Internet -  |x Aspectos Jurídicos 
650 |a Delitos Informáticos 
650 |a Derecho Informático -  |x Tema Principal 
650 |a Derecho Informático -  |x Anuarios 
650 |a Derecho Informático -  |x Estudio y Enseñanza 
650 |a Derecho Informático -  |z Uruguay -  |x Tema Principal 
650 |a Derecho de Autor 
650 |a Derecho Civil 
650 |a Derecho Penal 
650 |a Uruguay -  |x Condiciones Jurídicas 
710 |a Universidad de la República.  |b Facultad de Derecho, Instituto de Derecho Informático 
910 |a Fondo General 
920 |a Impresos - Libros 
930 |a Colección General 
905 |a 101 
901 |a 0500158251  |b IT1  |c ACC  |u 20250521 
902 |a https://opac.biblio.iteso.mx/vufind/Record/000272558